000 00939nam2a22002411 4500
001 rc\608359
005 20250621231408.0
035 _a(NLR Aleph) 005971327
090 _a6938393
_c6938393
100 _a20031121d1986 |||y0rusy50 ca
101 0 _arus
102 _aRU
105 _aa |||||||||
200 0 _aЧ. 1
210 _d1986
_aБ. м.
215 _a63 с.
_cил.
320 _aБиблиогр.: с. 55-63
461 0 _1001rc\608358
_12001#$aПиридиновые и хинолиновые производные элементов IV Б группы$vЧ. 1
_1700#1$aЛукевиц$bЭ.Я.$gЭдмунд Янович$f1936-
_96938387
_aЛукевиц, Э.Я. (1936-)
_cРига
_d1986
_nБ. и.
_tПиридиновые и хинолиновые производные элементов IV Б группы
_vЧ. 1
801 0 _aRU
_bNLR
_gpsbo
801 1 _aRU
_bELAR
_2rusmarc
852 _aNLR
_j87-4/14842
942 _cBOOK
980 _aNB